| Поле | Инд. | ПП | Название | Значение |
|---|---|---|---|---|
| Тип записи | a | |||
| Библиографический уровень | b | |||
| 001 | Контрольный номер | UNIDUBNA713574778afd4233963bc515dc088f53 | ||
| 005 | Дата корректировки | 20260519111834.4 | ||
| 008 | Кодируемые данные | 20170331 | ||
| 040 | b | Код языка каталог. | rus | |
| e | Правила каталог. | PSBO | ||
| 041 | 0_ | a | Код языка текста | rus |
| 084 | a | Индекс другой классификации/Индекс ББК | 63.3(2)513-68 | |
| 100 | 1_ | a | Автор | Смирнов А. |
| q | Полное имя | Смирнов Андрей | ||
| 245 | 10 | a | Заглавие | Фельдмаршал Суворов об адмирале Ушакове: "Зачем не был я при Корфу хотя мичманом?" |
| b | Продолж. заглавия | 225 лет образцовой военно-морской операции, которая увековечила на греческом острове имя русского адмирала | ||
| 520 | 0_ | a | Аннотация | Речь идет об образцовой военно-морской операции, которая увековечила на греческом острове Корфу имя адмирала Федора Ушакова. Но что занесло туда русских моряков? Оказались у Корфу русские моряки благодаря оскорбленным чувствам Павла I. Чувствам христианина, рыцаря, апологета абсолютной монархии - не позволявшим ему спокойно взирать на Великую Французскую революцию 1789-1799 годов и на экспорт ее в другие страны. С 24 октября 1798 по 18 февраля 1799 русские корабли блокировали занятую французами крепость Корфу на восточном берегу острова. Взятие Ушаковым Корфу стало образцом хорошо продуманной и логически завершенной военно-морской операции. Причем проведенной силами, не превосходившими силы противника. |
| 600 | 14 | a | Персоналии | Суворов Александр Васильевич |
| a | Персоналии | Ушаков Федор Федорович | ||
| 650 | 14 | a | Основная рубрика | внешняя политика |
| a | Основная рубрика | история | ||
| 653 | 0_ | a | Ключевые слова | антифранцузская коалиция |
| a | Ключевые слова | военно-морские операции | ||
| a | Ключевые слова | военно-морской флот | ||
| a | Ключевые слова | войны | ||
| a | Ключевые слова | Греция | ||
| a | Ключевые слова | Корфу | ||
| a | Ключевые слова | морская артиллерия | ||
| a | Ключевые слова | морская пехота | ||
| a | Ключевые слова | Россия | ||
| a | Ключевые слова | русская армия | ||
| a | Ключевые слова | русский флот | ||
| a | Ключевые слова | Средиземное море | ||
| a | Ключевые слова | турецкий флот | ||
| a | Ключевые слова | французская армия | ||
| 773 | 08 | t | Заглавие источника | Родина |
| d | Дата издания источника | 2024 | ||
| g | Прочая информация | № 4. - С. 34 - 39 : ил. | ||
| w | Контрольный № источника | UNIDUBNA06748ebef1dc4c8fbd70c6831f8aaaea | ||
| 901 | t | Тип документа | b |